| 000 | 00513nam a2200205Ia 4500 | ||
|---|---|---|---|
| 008 | 160819s9999 xx 000 0 und d | ||
| 020 | _a978-1-85626-683-3 | ||
| 050 | _aCUL TX 724.5 | ||
| 050 | _b.C5H75 2006 | ||
| 100 | _aHsiung, Deh-Ta. | ||
| 245 | 4 | _aThe Festive food of China / | |
| 245 | _cDeh-Ta Hsiung. | ||
| 260 | _aLondon : | ||
| 260 | _bKyle Cathie Limited, | ||
| 260 | _c2006 | ||
| 300 | _a92 pages : | ||
| 300 | _bcolor illustrations ; | ||
| 300 | _c21 cm. | ||
| 650 | _aCooking, Chinese. | ||
| 999 |
_c300681 _d300681 |
||